000 01620nam a22001457a 4500
999 _c525563
_d525563
008 240322b ||||| |||| 00| 0 eng d
100 _aBundi, Pirmin and Pattyn, Valérie
_951962
245 _a Trust, but verify? Understanding citizen attitudes toward evidence-informed policy making
260 _aPublic Administration: An international quarterly
300 _a101(4), Dec, 2023: p.1227-1246
520 _aIn this article, we inquire to what extent different manifestations of trust are associated with public support for evidence informed policy making (EIPM). We present the results of a cross-sectional survey conducted in the peak of the second COVID-19 wave in six Western democracies: Australia, Belgium, Canada, France, Switzerland, and the United States (N = 8749). Our findings show that public trust in scientific experts is generally related to positive attitudes toward evidence-informed policy making, while the opposite is the case for trust in governments and fellow citizens. Interestingly, citizens' assessment of government responses to COVID-19 moderates the relationship between trust and attitudes toward EIPM. Respondents who do rather not trust their governments or their fellow citizens are more in favor of EIPM if they evaluate government responses negatively. These findings suggest that attitudes toward EIPM are not only related to trust, but also strongly depend on perceived government performance.- Reproduced https://onlinelibrary.wiley.com/doi/10.1111/padm.12852
773 _aPublic Administration: An international quarterly
906 _aPUBLIC POLICY
942 _cAR